|
|
|
|
| LEADER |
00000cas a2200000 a 4500 |
| 001 |
vtls008882211 |
| 003 |
SK-MaSNL |
| 005 |
20260228162236.0 |
| 008 |
160624c19569999gw qr|p 0 1 b0ger |
| 022 |
|
|
|a 0044-3506
|
| 035 |
|
|
|a (SVKBB03)vtls000109444
|
| 040 |
|
|
|a SVKBB
|b slo
|c SVKBB
|d SNK
|e AACR2
|
| 041 |
0 |
|
|a ger
|
| 044 |
|
|
|a gw
|c DE
|
| 072 |
|
7 |
|a 80
|x Filológia
|2 konspekt
|
| 080 |
|
|
|a 80(=16)+908(4)
|2 2011
|
| 080 |
|
|
|a 050
|2 2011
|
| 080 |
|
|
|a (051)-027.561
|2 2011
|
| 210 |
0 |
|
|a Z. Slaw.
|
| 222 |
|
0 |
|a Zeitschrift für Slawistik
|
| 245 |
0 |
0 |
|a Zeitschrift für Slawistik
|
| 260 |
|
|
|a Berlin
|b Akademie-Verlag
|c 1956-
|
| 260 |
3 |
|
|a Berlin
|a Boston
|b Walter de Gruyter GmbH
|
| 300 |
|
|
|a zv.
|c 25 cm
|
| 310 |
|
|
|a 4x ročne
|b 1994-
|
| 321 |
|
|
|a 6x ročne
|b 1956-1993
|
| 362 |
0 |
|
|a 1956-
|
| 500 |
|
|
|a Popis podľa: Bd. 52, Heft 1 (2007)
|
| 650 |
0 |
7 |
|a slavistika
|2 SNKPH
|9 4282
|
| 650 |
0 |
7 |
|a Slavic studies
|2 SNKPHeng
|9 266256
|
| 655 |
|
7 |
|a odborné časopisy
|2 SNKPH
|9 70505
|
| 655 |
|
7 |
|a Professional journals
|2 SNKPHeng
|9 265007
|
| 856 |
4 |
1 |
|u http://www.degruyter.com/journals/slaw
|
| 910 |
|
|
|a snk
|
| 999 |
|
|
|c 7258
|d 9188
|
| 952 |
|
|
|0 0
|1 1
|4 0
|7 0
|8 4
|a SNK
|b SNK
|d 2010-03-12
|i snk2010/5037
|l 0
|o snkČC 1020/53/2008
|p 17A0635471
|r 2026-02-21 19:31:48
|t č. 1-4
|w 2026-02-21
|y PREZ
|
| 952 |
|
|
|0 0
|1 1
|4 0
|7 0
|8 4
|a SNK
|b SNK
|d 2010-02-08
|i snk2010/2449
|l 0
|o snkČC 1020/52/2007
|p 17A0635330
|r 2026-02-21 19:42:39
|t č. 1-4 + obsah v č. 1
|w 2026-02-21
|y PREZ
|
| 952 |
|
|
|0 0
|1 1
|4 0
|7 0
|8 4
|a SNK
|b SNK
|d 2014-01-15
|i snk2014/1286
|l 0
|o snkČC 1020/55/2010
|p 17A0869647
|r 2026-02-21 19:44:08
|t č. 1-4
|w 2026-02-21
|y PREZ
|
| 952 |
|
|
|0 0
|1 0
|4 0
|7 1
|8 4
|a SNK
|b SNK
|d 2014-10-09
|i snk2014/21097
|l 0
|o snkČC 1020/56/2011
|p 17A0870246
|r 2026-02-21 19:44:38
|t č. 1-4
|w 2026-02-21
|y NEVYP
|
| 952 |
|
|
|0 0
|1 0
|4 0
|7 0
|8 4
|a SNK
|b SNK
|d 2025-03-17
|i snk2025/4689
|l 0
|o snkČC 1020/66/2021
|p 17A1555760
|r 2026-02-21 19:46:46
|t č. 1-4
|w 2026-02-21
|y PREZ
|
| 952 |
|
|
|0 0
|1 0
|4 0
|7 0
|8 4
|a SNK
|b SNK
|d 2025-03-17
|i snk2025/4692
|l 0
|o snkČC 1020/67/2022
|p 17A1555761
|r 2026-02-21 19:46:46
|t č. 1-4
|w 2026-02-21
|y PREZ
|
| 952 |
|
|
|0 0
|1 1
|4 0
|7 0
|a SNK
|b SNK
|d 2006-03-20
|i snkK 2072/66
|l 0
|o snkČC 1020/9/1964
|p 17A0498631
|r 2026-02-21 19:47:18
|t č. 1-5
|w 2026-02-21
|y PREZ
|
| 952 |
|
|
|0 0
|1 0
|4 0
|7 0
|8 4
|a SNK
|b SNK
|d 2022-02-08
|i snk2022/2032
|l 0
|o snkČC 1020/64/2019
|p 17A1461792
|r 2026-02-21 19:52:43
|t č. 1-4
|w 2026-02-21
|y PREZ
|
| 952 |
|
|
|0 0
|1 1
|4 0
|7 0
|8 4
|a SNK
|b SNK
|d 2011-04-04
|i snk2011/7658
|l 0
|o snkČC 1020/47/2002
|p 17A0477327
|r 2026-02-21 19:57:06
|t č. 1-4 + obsah
|w 2026-02-21
|y PREZ
|
| 952 |
|
|
|0 0
|1 1
|4 0
|7 0
|8 4
|a SNK
|b SNK
|d 2011-04-04
|i snk2011/7660
|l 0
|o snkČC 1020/48/2003
|p 17A0477328
|r 2026-02-21 19:57:06
|t č. 1-4
|w 2026-02-21
|y PREZ
|
| 952 |
|
|
|0 0
|1 1
|4 0
|7 0
|8 4
|a SNK
|b SNK
|d 2011-05-20
|i snk2011/11743
|l 0
|o snkČC 1020/54/2009
|p 17A0679493
|r 2026-02-21 19:57:18
|t č. 1-4
|w 2026-02-21
|y PREZ
|
| 952 |
|
|
|0 0
|1 0
|4 0
|7 0
|8 4
|a SNK
|b SNK
|d 2025-08-26
|i snk2025/13469
|l 0
|o snkČC 1020/68/2023
|p 17A1557228
|r 2026-02-21 19:57:42
|t č. 1-4
|w 2026-02-21
|y PREZ
|
| 952 |
|
|
|0 0
|1 1
|4 0
|7 0
|a SNK
|b SNK
|d 2006-04-20
|i snkK 927/61
|l 0
|o snkČC 1020/5/1960
|p 17A0504195
|r 2026-02-21 19:58:29
|t č. 1-4
|w 2026-02-21
|y PREZ
|
| 952 |
|
|
|0 0
|1 1
|4 0
|7 0
|a SNK
|b SNK
|d 2006-04-20
|i snkK 2114/66
|l 0
|o snkČC 1020/10/1965
|p 17A0504142
|r 2026-02-21 19:58:30
|t č. 1-5
|w 2026-02-21
|y PREZ
|
| 952 |
|
|
|0 0
|1 1
|4 0
|7 0
|a SNK
|b SNK
|d 2006-04-20
|i snkK 1632/64
|l 0
|o snkČC 1020/8/1963
|p 17A0500785
|r 2026-02-21 19:58:30
|t č. 1-6
|w 2026-02-21
|y PREZ
|
| 952 |
|
|
|0 0
|1 1
|4 0
|7 0
|8 4
|a SNK
|b SNK
|d 2011-03-24
|i snk2011/6871
|l 0
|o snkČC 1020/50/2005
|p 17A0679416
|r 2026-02-21 20:05:47
|t č. 1-4 + reg. v č. 1
|w 2026-02-21
|y PREZ
|
| 952 |
|
|
|0 0
|1 1
|4 0
|7 0
|8 2
|a SNK
|b SNK
|d 2003-09-03
|i snkČIV 37/57
|l 0
|o snkČC 1020/1/1956
|p 17A0394530
|r 2005-01-02 00:00:00
|w 2026-02-21
|y PREZ
|
| 952 |
|
|
|0 0
|1 0
|4 0
|7 0
|8 4
|a SNK
|b SNK
|d 2022-11-29
|i snk2022/17780
|l 0
|o snkČC 1020/65/2020
|p 17A1464761
|r 2026-02-21 20:12:30
|t č. 1-4
|w 2026-02-21
|y PREZ
|
| 952 |
|
|
|0 0
|1 1
|4 0
|7 0
|8 4
|a SNK
|b SNK
|d 2010-02-08
|i snk2010/2448
|l 0
|o snkČC 1020/49/2004
|p 17A0635329
|r 2026-02-21 20:13:21
|t č. 1-4 + obsah v č. 1
|w 2026-02-21
|y PREZ
|
| 952 |
|
|
|0 0
|1 0
|4 0
|7 1
|8 4
|a SNK
|b SNK
|d 2016-06-13
|i snk2016/15288
|l 0
|o snkČC 1020/59/2014
|p 17A1095682
|r 2026-02-21 20:13:25
|t č. 1-4
|w 2026-02-21
|y NEVYP
|
| 952 |
|
|
|0 0
|1 0
|4 0
|7 1
|8 4
|a SNK
|b SNK
|d 2015-01-19
|i snk2015/1424
|l 0
|o snkČC 1020/57/2012
|p 17A0871040
|r 2026-02-21 20:52:12
|t č. 1-4
|w 2026-02-21
|y NEVYP
|
| 952 |
|
|
|0 0
|1 1
|4 0
|7 0
|a SNK
|b SNK
|d 2001-08-06
|l 0
|o snkČC 1020/7/1962
|p 17A0309288
|r 2005-01-02 00:00:00
|t č. 1-5
|w 2026-02-21
|y PREZ
|
| 952 |
|
|
|0 0
|1 1
|4 0
|7 0
|a SNK
|b SNK
|d 2003-02-17
|l 0
|o snkČC 1020/28/1983
|p 17A0373880
|r 2005-01-02 00:00:00
|t č. 1-6
|w 2026-02-21
|y PREZ
|
| 952 |
|
|
|0 0
|1 1
|4 0
|7 0
|a SNK
|b SNK
|d 1999-05-31
|l 0
|o snkČC 1020/12/1967
|p 17A0190093
|r 2005-01-02 00:00:00
|t č. 1-5
|w 2026-02-21
|y PREZ
|
| 952 |
|
|
|0 0
|1 1
|4 0
|7 0
|a SNK
|b SNK
|d 2003-10-23
|i snkK 442/62
|l 0
|o snkČC 1020/6/1961
|p 17A0400902
|r 2005-01-02 00:00:00
|t č. 1-4
|w 2026-02-21
|y PREZ
|
| 952 |
|
|
|0 0
|1 0
|4 0
|7 0
|8 4
|a SNK
|b SNK
|d 2015-06-16
|i snk2015/18652
|l 0
|o snkČC 1020/58/2013
|p 17A1096552
|r 2026-02-21 21:46:34
|t č. 1-4
|w 2026-02-21
|y PREZ
|
| 952 |
|
|
|0 0
|1 0
|4 0
|7 0
|8 4
|a SNK
|b SNK
|d 2019-04-26
|i snk2019/11983
|l 0
|o snkČC 1020/61/2016
|p 17A1365371
|r 2026-02-21 21:58:43
|t č. 1-4
|w 2026-02-21
|y PREZ
|
| 952 |
|
|
|0 0
|1 0
|4 0
|7 0
|8 4
|a SNK
|b SNK
|d 2019-11-20
|i snk2019/30001
|l 0
|o snkČC 1020/62/2017
|p 17A1383327
|r 2026-02-21 22:08:05
|t č. 1-4
|w 2026-02-21
|y PREZ
|
| 952 |
|
|
|0 0
|1 0
|4 0
|7 0
|8 4
|a SNK
|b SNK
|d 2020-08-11
|i snk2020/14100
|l 0
|o snkČC 1020/63/2018
|p 17A1431019
|r 2026-02-21 22:08:55
|t č. 1-4
|w 2026-02-21
|y PREZ
|
| 952 |
|
|
|0 0
|1 0
|4 0
|7 0
|8 4
|a SNK
|b SNK
|d 2017-11-07
|i snk2017/24386
|l 0
|o snkČC 1020/60/2015
|p 17A1265600
|r 2026-02-21 22:11:55
|t č. 1-4
|w 2026-02-21
|y PREZ
|
| 952 |
|
|
|0 0
|1 0
|4 0
|7 0
|8 0
|a SNK
|b SNK
|d 2019-01-18
|i snk2019/1424
|l 0
|o snkČC 1020/44/1999
|p 17A1342023
|r 2026-02-21 22:20:28
|t č. 1-4
|w 2026-02-21
|y PREZ
|
| 952 |
|
|
|0 0
|1 0
|4 0
|7 0
|8 0
|a SNK
|b SNK
|d 2019-01-18
|i snk2019/1425
|l 0
|o snkČC 1020/45/2000
|p 17A1342024
|r 2026-02-21 22:20:29
|t č. 1-4
|w 2026-02-21
|y PREZ
|